000 00819cab a2200253 4500
001 ABS53550
008 090401t1995 xxu||||| |||| 00| 0 eng d
035 _a(Sirsi) u5053
041 _aeng
100 _aMargolis, A.
245 _aTowers of babel
260 _c1995
350 _a0
490 _aBusiness Age
_v4(61) October 1995, 70-73(4)
520 _aCharts the progress of the major commercial property developers of the 1980s who are now on the cusp of a comeback. Includes profiles of Paul Reichmann, Paul Bloomfield, John Duggan, Eliot Bernerd and Nick Leslau.
650 _aCANARY WHARF
650 _aLONDON DOCKLANDS
650 _aPROPERTY CYCLES
650 _aPROPERTY DEVELOPERS
650 _aTROCADERO CENTRE
690 _aPROPERTY-COMMERCIAL PROPERTY
942 _n0
948 _c04/03/1997
999 _c3034
_d3034